|
|
|
|
| LEADER |
00000nta a2200000 i 4500 |
| 001 |
dolg4650 |
| 005 |
20160512140551.0 |
| 008 |
151214suuuu hu om 000 hun d |
| 040 |
|
|
|a BGE Dolgozattár Repozitórium
|b hun
|
| 041 |
|
|
|a hu
|
| 100 |
1 |
|
|a Kovács Evelin
|
| 245 |
1 |
3 |
|a Az új logisztikai koncepció hatásának vizsglata a JIT típusú alapanyagok ellátási rendszerére a Bosch Power Tool Kft.-nél
|c Kovács Evelin
|h [elektronikus dokumentum]
|
| 695 |
|
|
|a Lean
|
| 695 |
|
|
|a Just-in-time
|
| 700 |
1 |
|
|a Renner Péter
|e ths
|
| 856 |
4 |
0 |
|u http://dolgozattar.uni-bge.hu/4650/1/Kovacs_Evelin_HO07XR_2015.pdf
|z Dokumentum-elérés
|